Toxicity System Of A Down - Statistics

General Stats
  • This quiz has been taken 243 times
  • The average score is 134 of 179
Answer Stats
Lyrics % Correct
the
98%
The
98%
toxicity
96%
a
93%
city
93%
of
92%
our
87%
disorder
86%
Disorder
86%
You
85%
you
85%
I
83%
activity
81%
Seven . zero
80%
somewhere
80%
Somewhere
80%
between
79%
silence
79%
Eating
78%
seeds
77%
and
75%
sacred
75%
Sacred
75%
world
75%
do
74%
Looking
74%
sleep
74%
eyes
72%
own
72%
as
71%
version
71%
How
69%
Conversion
68%
software
68%
pastime
66%
Now
65%
tire
64%
at
63%
what
62%
When
62%
in
61%
life
61%
became
53%
through
52%
hub
51%
Sun
50%
truck
47%
More
46%
for
45%
fires
43%
heart
43%
into
43%
man's
43%
headlights
41%
their
38%
Flashlight
35%
shone
34%
caught
31%
neighbors
31%
reveries
30%
woods
30%
loud
29%
hearts
24%
No matching quizzes found
Score Distribution
Percent of People with Each Score
Percentile by Number Answered
Your Score History
You have not taken this quiz